Devines mes Kpop bias (rapidité) - Statistiques

Statistiques générales
  • Ce quiz a été pris 290 fois
  • Le résultat moyen est 9 sur 16
Statistiques - réponses
Hint Réponse % Correct
Blackpink Jennie
89%
BTS Jungkook
88%
Stray kids Bangchan
81%
Aespa Ningning
70%
Itzy Yeji
70%
Enhypen Jay
69%
TXT Yeonjun
69%
Newjeans Minji
59%
Twice Momo
58%
Le sserafim Yunjin
54%
Red velvet Wendy
51%
Seventeen Mingyu
39%
Exo Chanyeol
29%
NCT 127 Yuta
19%
The Boyz Sunwoo
15%
Wayv Yangyang
12%
Aucun quiz correspondant
Distribution des résultats
% des personnes avec chaque résultat
Percentile par nombre de réponses
Votre historique - résultats
Vous n’avez pas pris ce quiz